Loading...
| Current Events | 2 | 15.00 | 100% | 50% | 0% |
| Fine Arts - Classical Music | 5 | 26.00 | 100% | 100% | 60% |
| Fine Arts - Other | 5 | 14.00 | 80% | 40% | 20% |
| Fine Arts - Painting and Sculpture | 5 | 16.00 | 100% | 60% | 0% |
| Geography | 1 | 10.00 | 100% | 0% | 0% |
| History - American | 5 | 16.00 | 80% | 60% | 20% |
| History - European | 6 | 18.33 | 100% | 67% | 17% |
| History - Other | 7 | 21.43 | 100% | 86% | 29% |
| History - World | 2 | 25.00 | 100% | 100% | 50% |
| Literature - American | 6 | 18.33 | 100% | 67% | 17% |
| Literature - British | 5 | 20.00 | 100% | 100% | 0% |
| Literature - European | 6 | 16.67 | 100% | 67% | 0% |
| Literature - World | 6 | 21.67 | 100% | 83% | 33% |
| Mythology | 4 | 27.50 | 100% | 75% | 100% |
| Other Academic | 1 | 20.00 | 100% | 100% | 0% |
| Philosophy | 7 | 21.43 | 100% | 71% | 43% |
| Pop Culture | 2 | 15.00 | 100% | 50% | 0% |
| Religion | 7 | 18.57 | 100% | 57% | 29% |
| Science - Biology | 7 | 14.29 | 100% | 29% | 14% |
| Science - Chemistry | 7 | 14.29 | 86% | 57% | 0% |
| Science - Other | 5 | 18.00 | 100% | 60% | 20% |
| Science - Physics | 7 | 15.71 | 100% | 43% | 14% |
| Social Science | 4 | 17.50 | 100% | 50% | 25% |